| 000 | 00441nam a22001577a 4500 | ||
|---|---|---|---|
| 008 | 250320b |||||||| |||| 00| 0 eng d | ||
| 020 | _a9780323597043 | ||
| 050 |
_aRC78.4 _b.L66 |
||
| 100 | _aLong Bruce W. | ||
| 245 | _aWorkbook for merrill's atlas of radiographic positioning $ Procedures | ||
| 250 | _a14th | ||
| 260 |
_aMissouri _bElsevier _c2019 |
||
| 300 | _av,600p | ||
| 650 | _aRadiography medical-positioning atlases | ||
| 942 | _cBK | ||
| 999 |
_c2569 _d2569 |
||